Council for the Protection of Rural England (Record no. 119484)

MARC details
000 -LEADER
fixed length control field 00918cam a2200253 4500
001 - CONTROL NUMBER
control field WS105404
008 - FIXED-LENGTH DATA ELEMENTS--GENERAL INFORMATION
fixed length control field 000000n 000 0 eng u
035 ## - SYSTEM CONTROL NUMBER
System control number (Sirsi) u105404
110 ## - MAIN ENTRY--CORPORATE NAME
Corporate name or jurisdiction name as entry element Council for the Protection of Rural England
9 (RLIN) 227
245 ## - TITLE STATEMENT
Title Council for the Protection of Rural England
520 ## - SUMMARY, ETC.
Summary, etc. Web site outlining national and local issues of interest to the CPRE including hedgerows and rural dereliction. Also covers the CPRE's 'Contract for the Countryside'. Includes a useful publications catalogue.
650 ## - SUBJECT ADDED ENTRY--TOPICAL TERM
Topical term or geographic name entry element HEDGEROWS
650 0# - SUBJECT ADDED ENTRY--TOPICAL TERM
Topical term or geographic name entry element RURAL DERELICTION
650 ## - SUBJECT ADDED ENTRY--TOPICAL TERM
Topical term or geographic name entry element RURAL HOUSING
650 ## - SUBJECT ADDED ENTRY--TOPICAL TERM
Topical term or geographic name entry element COUNTRYSIDE
650 ## - SUBJECT ADDED ENTRY--TOPICAL TERM
Topical term or geographic name entry element WILDLIFE
650 ## - SUBJECT ADDED ENTRY--TOPICAL TERM
Topical term or geographic name entry element CONSERVATION
650 ## - SUBJECT ADDED ENTRY--TOPICAL TERM
Topical term or geographic name entry element CPRE
650 ## - SUBJECT ADDED ENTRY--TOPICAL TERM
Topical term or geographic name entry element Environment
9 (RLIN) 6238
650 ## - SUBJECT ADDED ENTRY--TOPICAL TERM
Topical term or geographic name entry element WEB SITE
690 ## - LOCAL SUBJECT ADDED ENTRY--TOPICAL TERM (OCLC, RLIN)
Topical term or geographic name as entry element RURAL-NATURE CONSERVATION
856 40 - ELECTRONIC LOCATION AND ACCESS
Uniform Resource Identifier <a href="https://www.cpre.org.uk/">https://www.cpre.org.uk/</a>
Public note View the website free of charge at www.cpre.org.uk/...
942 ## - ADDED ENTRY ELEMENTS (KOHA)
Suppress in OPAC 0
Holdings
Withdrawn status Lost status Source of classification or shelving scheme Damaged status Not for loan Home library Current library Shelving location Date acquired Total Checkouts Full call number Barcode Date last seen Copy number Price effective from Koha item type
    Dewey Decimal Classification     Virtual Virtual Online 17/04/2000   WEB SITE 105404-2001 06/08/2019 1 06/08/2019 Online material